[Event "34th Voivoda Cup 2018"]
[Site "Legnica"]
[Date "2018.11.25"]
[Round "5"]
[White "Teclaf, Pawel"]
[Black "Kriebel, Tadeas"]
[Result "0-1"]
[WhiteElo "2384"]
[BlackElo "2515"]
[Annotator "TA"]
[PlyCount "98"]
[EventDate "2018.11.22"]
[EventType "tourn"]
[EventCountry "POL"]
[SourceTitle "playchess.com"]
[Source "ChessBase"]
[SourceQuality "1"]

{[%evp 15,98,0,-12,-11,-12,-54,-29,-41,-37,-45,-35,-60,-51,-56,-29,-32,-33,-41,-30,-43,-34,-39,-31,-37,-36,-73,-75,-101,-95,-93,-99,-100,-102,-95,-75,-84,-76,-100,-87,-97,-97,-110,-115,-115,-106,-97,-114,-181,-185,-184,-166,-246,-258,-248,-241,-241,-246,-245,-249,-244,-246,-282,-243,-323,-289,-319,-300,-305,-285,-404,-374,-467,-299,-481,-476,-467,-455,-589,-586,-29976,-29977,-29977,-29977,-29970,-29969]} 1. Nf3 Nf6 2. c4 g6 3. b4 Bg7 4. Bb2 O-O 5. g3 c6 6. Bg2 d5 7. cxd5 cxd5 8. O-O {A15: English Opening: 1...Nf6} Bg4 {LiveBook: 3 Games} (8... a5 9. b5 a4 10. Na3 Qd6 11. Nc2 Ne4 12. Rb1 Nd7 13. Bxg7 Kxg7 14. Rb4 Nef6 15. a3 e5 {1-0 (48) Salgado Lopez,I (2627)-Baklan,V (2601) Linares 2017}) 9. h3 Bxf3 10. exf3 $146 {The position is equal.} ({Predecessor:} 10. Bxf3 Qb6 11. Qa4 Na6 12. a3 Nc5 13. Qd1 Ncd7 {½-½ (13) Redolfi,A (2515)-Engel,K (2465) Canada 1996}) 10... Nbd7 11. f4 e6 12. Qb3 Ne8 {[%cal Bf6e8,Be8d6,Bd6f5][%mdl 32]} 13. Nc3 Nd6 14. d3 Nf5 15. Ne2 Bxb2 16. Qxb2 Qf6 17. Qxf6 Nxf6 18. g4 Nd6 19. Nd4 a5 20. a3 Rfc8 21. Rfc1 Rxc1+ 22. Rxc1 axb4 23. axb4 Ra4 24. Rb1 Kf8 25. Kf1 Ke7 26. Ke2 Nfe8 27. Ke3 Nc7 28. b5 Ra3 29. Kd2 Ra5 {[%cal Rd6b5]} 30. b6 Ncb5 31. Nb3 (31. Nxb5 $17 Nxb5 32. Ke3) 31... Ra2+ $19 32. Ke3 Na3 33. Rc1 (33. Nc1 {was necessary.}) 33... Nc2+ 34. Kf3 Rb2 35. Bf1 Rxb3 36. Rxc2 Rxb6 {[%mdl 4096] Endgame KRB-KRN} 37. Rc1 Rb2 38. Ra1 h5 39. Ra7 hxg4+ 40. hxg4 Kd7 41. Ke3 Kc7 42. Ra8 (42. Bg2 $142) 42... b5 {[%cal Bb7b5,Bb5b4,Bb4b3][%mdl 32]} 43. Bh3 Rb4 44. Ra7+ $2 {[#]} (44. Ra1 {is a better defense.}) 44... Kb6 45. Rd7 Kc6 46. Re7 Ra4 47. Kf3 b4 {Black mates.} 48. f5 b3 49. fxg6 fxg6 {Accuracy: White = 33%, Black = 85%.} 0-1

[Event "34th Voivoda Cup 2018"]
[Site "Legnica"]
[Date "2018.11.26"]
[Round "6"]
[White "Nasuta, Grzegorz"]
[Black "Gleizerov, Evgeny"]
[Result "1-0"]
[WhiteElo "2520"]
[BlackElo "2505"]
[Annotator "TA"]
[PlyCount "73"]
[EventDate "2018.11.22"]
[EventType "tourn"]
[EventCountry "POL"]
[SourceTitle "playchess.com"]
[Source "ChessBase"]
[SourceQuality "1"]

{[%evp 10,73,14,20,35,7,9,7,36,35,46,48,65,51,71,69,75,67,69,58,69,69,69,69,69,69,71,73,121,123,154,155,154,147,148,131,135,0,142,133,133,136,180,145,137,145,163,148,183,185,178,186,201,201,301,257,363,378,343,351,351,326,375,354,589,579]} 1. e4 e6 2. d4 d5 3. Nc3 Nf6 4. Bg5 Be7 5. e5 Nfd7 6. h4 Nc6 {C14: French: Classical System: 4 Bg5 Be7 main line} 7. Nf3 (7. Qd2 f6 8. exf6 Nxf6 9. Nf3 O-O 10. O-O-O a6 11. Bd3 b5 12. Rde1 b4 13. Ne2 Ne4 14. Bxe4 dxe4 15. Bxe7 Nxe7 {1-0 (42) Pridorozhni,A (2565)-Morozevich,A (2665) Sochi 2017}) 7... h6 8. Bxe7 Qxe7 {The position is equal.} (8... Nxe7 {looks sharper.} 9. Ne2 c5 10. c3 Qb6 11. Qc2 O-O) 9. Qd2 Nb6 10. b3 Bd7 11. a4 Qb4 $146 ({Predecessor:} 11... a5 12. Ne2 O-O-O 13. Nc1 Kb8 14. Bb5 {1-0 (73) Loiseau,Q (2424)-Hoang,T (2459) Balatonszarszo 2017}) 12. a5 Nxa5 13. Nb5 $1 {[%cal Rb5c7]} Qxd2+ 14. Kxd2 Bxb5 $1 15. Bxb5+ Nc6 16. Bxc6+ $1 bxc6 17. Ra6 $36 {[%mdl 2048] White has some pressure.} Kd7 18. Ne1 {[%mdl 1024] White has strong compensation.} Nc8 19. Nd3 Rb8 20. Nc5+ Kd8 {[#]} 21. h5 $1 Rb6 22. Ra5 Rb5 23. Ra6 Rb6 24. Ra4 Ke7 25. f4 Rg8 26. Ke3 Rb5 27. Kf3 a5 {intending ...Nb6.} 28. Rha1 Nb6 29. Rxa5 Rxa5 30. Rxa5 $18 {[%mdl 4096] Endgame KRN-KRN} Nd7 31. Na6 f6 (31... Ra8 $142 32. Nb4 {[%mdl 64] Discovered Attack} Rxa5 33. Nxc6+ {[%mdl 64] Double Attack} Ke8 34. Nxa5 g6 35. hxg6 fxg6) 32. Nb4 c5 (32... Nb6 $142 33. Nxc6+ Kd7) 33. Nc6+ ({Weaker is} 33. dxc5 fxe5 34. Nc6+ Kf6 $14) 33... Kf7 34. dxc5 fxe5 35. fxe5 ({Less strong is} 35. Nxe5+ Nxe5+ 36. fxe5 Ke7 $16) 35... Rf8 36. Ke3 Kg8 $2 {[#]} (36... Nb8 {was necessary.}) 37. b4 {Accuracy: White = 88%, Black = 43%.} 1-0

[Event "34th Voivoda Cup 2018"]
[Site "Legnica"]
[Date "2018.11.26"]
[Round "6"]
[White "Kriebel, Tadeas"]
[Black "Simacek, Pavel"]
[Result "1/2-1/2"]
[WhiteElo "2515"]
[BlackElo "2503"]
[Annotator "TA"]
[PlyCount "53"]
[EventDate "2018.11.22"]
[EventType "tourn"]
[EventCountry "POL"]
[SourceTitle "playchess.com"]
[Source "ChessBase"]
[SourceQuality "1"]

{[%evp 18,53,16,18,20,0,13,0,0,0,0,0,0,0,0,10,6,1,14,0,0,0,0,0,3,0,0,0,6,0,0,0,0,0,0,0,0,0]} 1. e4 c6 2. d4 d5 3. Nd2 {[%cal Bb1d2,Bd2e4,Be4g3][%mdl 32]} dxe4 4. Nxe4 Bf5 5. Ng3 Bg6 6. h4 h6 7. Nf3 e6 8. Ne5 Bh7 9. Bd3 Bxd3 10. Qxd3 {The position is equal.} Nd7 {B19: Classical Caro-Kann: 4...Bf5 main line} 11. f4 Be7 12. Bd2 Nxe5 13. fxe5 Bxh4 14. O-O-O {And now Nh5 would win.} Bxg3 $1 15. Qxg3 Ne7 $1 16. Qxg7 {[%mdl 64] [#] Double Attack} Rg8 17. Qh7 {aiming for Rdf1.} Qd5 18. Rhf1 ({Much weaker is} 18. Bxh6 Qxa2 19. c3 O-O-O $15) 18... O-O-O 19. Rxf7 Qxa2 {[%cal Ra2a1] [#]} 20. c3 Qa1+ {[#]} 21. Kc2 $146 Qa4+ 22. Kc1 Qa1+ 23. Kc2 Qa4+ 24. Kc1 Qa1+ 25. Kc2 Qa4+ 26. Kc1 Qa1+ 27. Kc2 1/2-1/2

[Event "34th Voivoda Cup 2018"]
[Site "Legnica"]
[Date "2018.11.26"]
[Round "6"]
[White "Hirneise, Tobias"]
[Black "Lewtak, Damian"]
[Result "1-0"]
[WhiteElo "2472"]
[BlackElo "2411"]
[Annotator "TA"]
[PlyCount "89"]
[EventDate "2018.11.22"]
[EventType "tourn"]
[EventCountry "POL"]
[SourceTitle "playchess.com"]
[Source "ChessBase"]
[SourceQuality "1"]

{[%evp 17,89,8,66,16,20,22,32,11,25,28,28,-3,27,10,50,40,60,24,43,56,79,54,75,0,79,82,74,87,81,54,58,32,22,31,41,21,32,-14,35,29,96,93,192,208,194,60,54,45,88,88,536,538,468,406,343,116,140,141,135,123,90,0,0,-9,0,0,0,-514,-529,-507,-506,-458,649,623]} 1. e4 e5 2. Nf3 Nc6 3. Bb5 Nf6 4. O-O Nxe4 5. d4 Nd6 6. dxe5 Nxb5 7. a4 Nbd4 8. Nxd4 Nxd4 9. Qxd4 d6 {LiveBook: 11 Games. C67: Ruy Lopez: Berlin Defence: 4 0-0 Nxe4} (9... d5 $1 $11) (9... d5 10. Qd3 c6 11. a5 Qd7 12. f4 Qf5 13. Qc3 Bd7 14. Qb3 Bc5+ 15. Be3 Bxe3+ 16. Qxe3 Qxc2 17. Qa3 {0-1 (41) Grischuk,A (2766)-Nakamura,H (2769) Leuven 2018}) 10. Re1 Be6 $146 ({Predecessor:} 10... dxe5 11. Qxe5+ Be6 12. Qb5+ c6 13. Qxb7 Qc8 14. Qxc8+ Rxc8 15. Be3 c5 16. Bg5 Rb8 17. Nc3 Rxb2 {1-0 (31) Kulon,K (2309)-Paprocki,J (2199) Krakow 2014}) 11. Qb4 Qc8 {The position is equal.} 12. Qc3 d5 13. Qg3 Qd7 14. Nd2 Bf5 15. c3 h6 16. Nf3 c5 17. Be3 g5 18. a5 Be7 19. Red1 (19. b4 $5) 19... Be6 20. Rab1 (20. b4 $16) 20... f5 (20... Bf5 $11 {keeps the balance.}) 21. exf6 $1 $16 Bd6 22. Ne5 Qc7 23. f4 {Threatens to win with b4.} O-O-O $1 24. b4 {Black must now prevent bxc5.} gxf4 $1 25. Bxf4 {Strongly threatening b5.} Rhf8 $1 26. bxc5 Bxc5+ 27. Be3 Rxf6 28. Bd4 {Qe3 is the strong threat.} Rf5 (28... Bd6 $1 $11) 29. Re1 Rg8 (29... Rg5 $16 30. Qe3 Bd6) 30. Qe3 $1 $18 {[%csl LRc5,LRh6]} Bd6 31. Nf3 ({White should play} 31. Qxh6 $18 Re8 32. Nf3) 31... Bd7 $14 32. Bxa7 Rh5 {[%cal Rd6h2]} 33. h4 Qxa5 $2 {[%mdl 8192] [#]} (33... Qc4 $16) 34. Ra1 $1 $18 {[%cal Ra1a5]} Qb5 35. Bb6 {Threatening mate with Ra8+.} Kb8 {[%cal Bc8b8,Bb8c7,Bc7d7][%mdl 32] Black wants to play ...Qb2.} 36. Ra2 $2 (36. Reb1 $18 Qc6 37. Rb2) 36... d4 37. Ba7+ Kc7 38. cxd4 {And now Rc1+ would win.} Bc6 {[#]} 39. Rc1 (39. Rc2 $1 $16) 39... Qd5 $1 $11 {[%cal Rd5a2]} 40. Rac2 Rf5 41. Rf1 Kd7 {aiming for ...Rxf3.} 42. Ne1 $2 {[%mdl 8192] [#]} (42. Re2 $11 {and White is okay.}) 42... Bh2+ $1 $19 {[%mdl 512]} 43. Kxh2 Rxf1 44. Nf3 Qe4 $4 {[%mdl 8192]} (44... Rxf3 $19 45. gxf3 Qd6+ 46. f4 Qd5 47. Qh3+ Ke7) 45. Ne5+ {Accuracy: White = 56%, Black = 38%.} 1-0

[Event "34th Voivoda Cup 2018"]
[Site "Legnica"]
[Date "2018.11.26"]
[Round "6"]
[White "Sieciechowicz, Marcin"]
[Black "Murdzia, Piotr"]
[Result "0-1"]
[WhiteElo "2432"]
[BlackElo "2411"]
[Annotator "TA"]
[PlyCount "98"]
[EventDate "2018.11.22"]
[EventType "tourn"]
[EventCountry "POL"]
[SourceTitle "playchess.com"]
[Source "ChessBase"]
[SourceQuality "1"]

{[%evp 13,98,10,14,26,44,-16,-8,-27,-6,-34,-27,-31,-10,-3,-10,-13,0,-6,-10,-7,0,-7,-6,-10,-5,-14,-6,-10,0,0,0,0,0,0,0,0,0,0,0,-10,-10,-10,-10,-19,-29,-108,-82,-608,-115,-121,-120,-107,-92,-116,-57,-179,-187,-457,-460,-482,-472,-938,-470,-453,-460,-406,-361,-283,0,-512,-268,-272,-248,-268,-260,-244,-215,-260,-146,-179,-170,-179,-142,-134,-138,-1679,-1508]} 1. d4 Nf6 2. Nf3 g6 3. Bg5 Bg7 4. Nbd2 O-O 5. e3 d6 6. Bd3 b6 7. c3 Bb7 {LiveBook: 23 Games} 8. h4 {A48: 1 d4 Nf6 2 Nf3 g6: Torre, London and Colle Systems} (8. O-O Nbd7 9. e4 h6 10. Bh4 e5 11. Re1 Qe8 12. a4 a6 13. dxe5 Nxe5 14. Nxe5 dxe5 15. Qc2 a5 16. Nc4 Nh5 17. f3 {½-½ (17) Van den Doel,E (2607)-Safarli,E (2676) Hoogeveen 2018}) 8... h5 9. Bxf6 (9. O-O $14) 9... exf6 $11 10. Qc2 $146 {The position is equal.} ({Predecessor:} 10. Be4 d5 11. Bd3 c5 12. Qe2 Nd7 13. Rd1 f5 14. g3 Qc7 15. Ba6 Nf6 16. Bxb7 Qxb7 {0-1 (24) Taleb,M (2439)-Kuzmin,A (2568) Dubai 2002}) 10... f5 11. Ng5 Nd7 12. O-O Nf6 (12... d5 {feels hotter.} 13. a4 c5 14. a5 c4 15. Be2 Qc7) 13. e4 fxe4 14. Ndxe4 Nxe4 15. Bxe4 Bxe4 16. Qxe4 d5 17. Qf3 Qd7 18. Rae1 Rae8 19. b3 c6 20. Qd3 Qg4 21. Qa6 {Black must now prevent Rxe8.} Qxh4 22. Nf3 Qg4 23. Qxa7 h4 24. Nh2 Qg5 {Strongly threatening ...Rxe1.} 25. Rxe8 Rxe8 26. Qd7 Re6 $40 {[%mdl 128] Black has some attack.} 27. Nf3 Qg4 28. Qd8+ {[%mdl 64] Double Attack} Bf8 29. Nh2 ({Don't blunder} 29. Nxh4 $2 Rd6 $19) (29. a4 $11) 29... Qf4 30. Qxb6 $2 {[%mdl 8192] [#]} (30. Nf3 $17) 30... h3 $1 {[%mdl 512]} 31. gxh3 $17 Bd6 {[%csl Gd6][%cal Rf4h2]} 32. Qd8+ Kg7 {[%csl Gd6][%cal Rf4h2]} 33. Ng4 {[#]} Be7 (33... Qf3 $1 $17 {[%cal Rf3h3]} 34. Qh4 Qxc3) 34. Qe8 (34. Qd7 $1 $15) 34... Bb4 $19 {[%mdl 64] Discovered Attack} 35. Qd7 $2 (35. Qxe6 {was called for.} fxe6 36. cxb4) 35... Bxc3 36. Kg2 Bxd4 37. Rd1 (37. Qd8 $142 Re2 38. Qd7) 37... Re2 {[%cal Re2f2] ( -> ...Rxf2+)} 38. Rf1 Qe4+ 39. Kg3 Qd3+ 40. Kg2 Qe4+ $2 ({Don't do} 40... Rxa2 41. Qxc6 Qe4+ 42. Kh2 $19) (40... Re6 $19 {aiming for ...Qe4+.} 41. b4 Qe4+ 42. Kh2 Be5+ {[%mdl 64] Discovered Attack} 43. Kg1 Bd6) 41. Kh2 $2 {[%mdl 8192]} (41. Kg3 $1 $11 {and White is okay.}) 41... Rxa2 {And now ...Ra7 would win.} 42. Qxc6 Rc2 43. Qd6 Rc3 44. b4 Rb3 45. Rc1 {Rc8 is the strong threat.} Rb2 ({Black should play} 45... Qf3 $19 46. Qg3 Qxg3+ 47. fxg3 f5 48. Rc7+ Kf8) 46. Qg3 $17 ({But not} 46. Rc8 $2 Rxf2+ 47. Nxf2 Be5+ 48. Qxe5+ Qxe5+ 49. Kg2 Qf4 $19) 46... Rxb4 47. Rd1 Rb2 48. Kg1 Re2 49. Qd3 $2 {[%mdl 8192]} (49. Qb3 $17) 49... Re1+ {Accuracy: White = 35%, Black = 46%.} 0-1

[Event "34th Voivoda Cup 2018"]
[Site "Legnica"]
[Date "2018.11.26"]
[Round "6"]
[White "Teclaf, Pawel"]
[Black "Wieczorek, Oskar"]
[Result "1-0"]
[WhiteElo "2384"]
[BlackElo "2468"]
[Annotator "TA"]
[PlyCount "97"]
[EventDate "2018.11.22"]
[EventType "tourn"]
[EventCountry "POL"]
[SourceTitle "playchess.com"]
[Source "ChessBase"]
[SourceQuality "1"]

{[%evp 22,97,50,30,20,20,28,25,36,35,30,27,31,24,54,45,42,48,47,33,43,39,48,38,41,43,44,29,38,36,37,31,21,22,52,38,36,39,46,13,16,-108,-121,-129,0,0,0,-2,0,0,0,-7,-21,-38,-39,-54,0,0,0,-110,62,0,35,45,60,59,37,31,25,70,501,493,29990,29991,29992,29993,29994,29995]} 1. e4 e5 2. Nf3 Nc6 3. Bb5 a6 4. Ba4 Nf6 5. O-O Be7 6. Re1 b5 7. Bb3 d6 8. c3 O-O 9. h3 a5 {[%cal Ba6a5,Ba5a4][%mdl 32]} 10. d4 a4 11. Bc2 Bd7 12. Nbd2 Re8 {C92: Closed Ruy Lopez: 9...Be6, Karpov and Flohr-Zaitsev Variations} 13. Nf1 h6 14. Ng3 Bf8 {White has an edge.} 15. Be3 (15. Bd2 Qc8 16. Bd3 Qb7 17. Qc2 g6 18. b4 Bg7 19. a3 Rac8 20. Rac1 {0-1 (113) Polgar,J (2682)-Nakamura,H (2733) Cap d'Agde 2010}) 15... Qc8 16. Qd2 Qb7 $146 17. Rad1 b4 18. d5 bxc3 19. bxc3 Na5 20. Bd3 c6 21. c4 Reb8 22. Rb1 Qc7 23. Rec1 Nb7 24. Qc3 Be8 25. Qa1 Nd7 26. Nd2 Nbc5 27. Bc2 {[%cal Bd3c2,Bc2d1,Bd1g4][%mdl 32]} g6 28. Ne2 cxd5 29. cxd5 Qa5 30. Bd1 f5 31. Nc4 (31. Qc3 $11 {remains equal.}) 31... Qe1+ $17 32. Kh2 {[#] Strongly threatening exf5.} f4 ({Much less strong is} 32... Nxe4 33. Rxb8 Rxb8 34. Nc3) (32... fxe4 33. Nc3 $16) (32... Rxb1 $17 33. Rxb1 Nxe4) 33. Nxf4 $1 $11 exf4 34. Bg4 Rxb1 35. Qxb1 (35. Rxe1 $2 {loses.} Rxa1 36. Rxa1 fxe3 $19) 35... Rb8 36. Qc2 Qb4 37. Bxf4 h5 38. Bf3 Na6 ({Better is} 38... a3 $15) 39. a3 Qc5 40. Qe2 {[#]} (40. Qd2 $1 $11 {keeps the balance.}) 40... Rb3 $2 (40... Qd4 $1 $17 {...Nac5 is the strong threat.} 41. Nxd6 Qf6 {[%mdl 64] Double Attack}) 41. e5 ({White should try} 41. Qd2 $1 $14) 41... dxe5 (41... Rxf3 $5 42. Qxf3 dxe5 43. Nxe5 Nxe5 $15) 42. Nxe5 Qe7 {And now ...Qf6 would win.} 43. d6 $36 {[%mdl 3072] White has compensation. White is more active.} Qf6 $1 {[%cal Rf6f4]} 44. Bd5+ Kh7 45. g3 {aiming for Rc8.} Nab8 $2 {[%mdl 8192]} (45... Bh6 $1 $14 46. Nxd7 Bxd7 47. Bxh6 (47. Qxa6 $2 Bxf4 48. Rf1 Rb5 $19) 47... Kxh6) 46. Rc8 $18 {[%cal Bc1c8,Bc8e8,Be8e7][%mdl 32]} g5 (46... Nb6 $18) 47. Rxe8 {White mates.} gxf4 48. Qxh5+ Bh6 49. Re7+ {[%mdl 64] Double Attack. Accuracy: White = 65%, Black = 55%.} 1-0

[Event "34th Voivoda Cup 2018"]
[Site "Legnica"]
[Date "2018.11.26"]
[Round "7"]
[White "Gleizerov, Evgeny"]
[Black "Teclaf, Pawel"]
[Result "1/2-1/2"]
[WhiteElo "2505"]
[BlackElo "2384"]
[Annotator "TA"]
[PlyCount "60"]
[EventDate "2018.11.22"]
[EventType "tourn"]
[EventCountry "POL"]
[SourceTitle "playchess.com"]
[Source "ChessBase"]
[SourceQuality "1"]

{[%evp 19,60,8,11,0,5,0,0,0,0,0,0,-9,-4,-32,-5,0,0,-12,-8,-10,0,-18,0,0,0,0,0,0,0,0,0,0,0,0,0,0,0,0,0,0,0,0,0]} 1. d4 Nf6 2. c4 g6 3. Nc3 d5 4. e3 Bg7 5. cxd5 Nxd5 6. Nxd5 {D80: Grünfeld: Unusual White 4th moves and 4 Bg5} Qxd5 7. Ne2 O-O 8. Nc3 Qd6 9. Be2 c6 10. O-O Nd7 {LiveBook: 20 Games} (10... e5 11. dxe5 Qxe5 12. e4 Nd7 13. Be3 {0-1 (36) Rakhmanov,A (2653)-Li,C (2732) Riadh 2017}) 11. f4 f5 $146 ({Predecessor:} 11... Rd8 12. Qc2 Nf6 13. Rd1 {1-0 (46) Almeida Quintana,O (2555)-Esserman,M (2439) Montcada 2011}) 12. a4 Nf6 13. b3 Be6 14. Ba3 Qd7 15. h3 Rac8 16. Bc4 Nd5 17. Nxd5 {The position is equal.} Bxd5 18. Qf3 Rfd8 19. Bxd5+ cxd5 20. Rfc1 e6 21. Qe2 Bf8 22. Bxf8 Kxf8 23. Qd2 Rxc1+ 24. Rxc1 $11 {[%mdl 4096] Endgame KQR-KQR} Rc8 25. Rc3 Ke8 26. Kf2 b6 27. Qc2 Kd8 28. Kf3 a5 29. Rxc8+ Qxc8 30. Qxc8+ Kxc8 {Accuracy: White = 39%, Black = 75%.} 1/2-1/2

[Event "34th Voivoda Cup 2018"]
[Site "Legnica"]
[Date "2018.11.26"]
[Round "7"]
[White "Simacek, Pavel"]
[Black "Hirneise, Tobias"]
[Result "1/2-1/2"]
[WhiteElo "2503"]
[BlackElo "2472"]
[Annotator "TA"]
[PlyCount "63"]
[EventDate "2018.11.22"]
[EventType "tourn"]
[EventCountry "POL"]
[SourceTitle "playchess.com"]
[Source "ChessBase"]
[SourceQuality "1"]

{[%evp 37,63,10,10,12,13,14,8,9,12,8,14,12,14,0,0,0,0,0,0,0,0,0,0,0,0,0,0,0]} 1. e4 c6 2. d4 d5 3. exd5 cxd5 4. c4 Nf6 5. Nc3 Nc6 6. Nf3 Bg4 7. cxd5 Nxd5 8. Qb3 Bxf3 9. gxf3 e6 10. Qxb7 Nxd4 11. Bb5+ Nxb5 12. Qc6+ Ke7 13. Qxb5 Qd7 14. Nxd5+ Qxd5 15. Bg5+ f6 16. Qxd5 exd5 17. Be3 Ke6 18. O-O-O Bb4 19. a3 Rhc8+ {The position is equal.} 20. Kb1 {B13: Caro-Kann: Exchange Variation and Panov-Botvinnik Attack} Bc5 21. Rhe1 {[#] Threatens to win with Bxc5+.} Bxe3 22. Rxe3+ $11 {[%mdl 4096] Endgame KRR-KRR} Kd6 23. Rde1 Rc4 24. Re7 (24. h3 Rd8 25. Re6+ Kc7 26. Rc1 Rd6 {½-½ (38) Ivanchuk,V (2779)-Giri,A (2690) Monte Carlo 2011}) 24... Rh4 {[#]} 25. Rxg7 $146 (25. R1e6+ {with more complications.} Kc5 26. Rxg7 Rxh2 27. Rd7 Rxf2 28. Red6) ({Predecessor:} 25. R1e6+ Kc5 26. Rc7+ Kd4 27. Rxg7 Rxh2 {½-½ (41) Akdag,M (2560)-Efremov,A (2540) ICCF email 2013}) 25... Rxh2 26. Rf7 Rxf2 27. Rxf6+ Kc5 28. Rd1 a5 29. Rf5 Rd8 30. Rc1+ Kd4 31. Rd1+ Kc5 32. Rc1+ 1/2-1/2

[Event "34th Voivoda Cup 2018"]
[Site "Legnica"]
[Date "2018.11.26"]
[Round "7"]
[White "Wieczorek, Oskar"]
[Black "Kriebel, Tadeas"]
[Result "1-0"]
[WhiteElo "2468"]
[BlackElo "2515"]
[Annotator "TA"]
[PlyCount "89"]
[EventDate "2018.11.22"]
[EventType "tourn"]
[EventCountry "POL"]
[SourceTitle "playchess.com"]
[Source "ChessBase"]
[SourceQuality "1"]

{[%evp 14,89,13,0,39,33,37,30,49,25,50,47,53,49,53,52,49,47,55,47,53,70,88,91,104,93,129,143,137,126,208,222,216,227,354,351,387,389,389,389,360,377,371,250,472,460,440,450,390,195,206,179,179,179,163,116,122,131,134,122,149,112,118,104,118,0,0,0,122,129,208,152,3485,2184,29997,29998,29998,29999]} 1. c4 e6 2. g3 d5 3. Bg2 Nf6 4. Nf3 Be7 5. b3 O-O 6. O-O c5 7. e3 dxc4 {A14: English Opening: 1...e6 with b3 by White} (7... Nc6 8. Bb2 b6 9. Nc3 dxc4 10. bxc4 Bb7 11. Qe2 Qc7 12. Rac1 Rfd8 13. Rfd1 Na5 14. Ne1 Bxg2 15. Nxg2 Qb7 16. f4 a6 17. Ba1 Ne4 18. Nxe4 Qxe4 19. d3 Qg6 {0-1 (47) Caruana,F (2807)-Aronian,L (2799) Saint Louis 2017}) 8. bxc4 {LiveBook: 3 Games} Qa5 9. Bb2 Nc6 {White is slightly better.} 10. d3 $146 ({Predecessor:} 10. Qe2 Rd8 11. Nc3 Bd7 12. Rab1 Be8 13. Ba1 Rab8 14. Ne1 a6 15. g4 h6 16. f4 Nb4 17. h4 {1-0 (37) Mandetta,J (2121)-Hwa Chin Li,V Sao Paolo 2011}) 10... Rd8 11. Qe2 Bd7 12. Nc3 Rac8 13. Nd2 Be8 14. Nb3 Qc7 15. Rfd1 a6 16. f4 Na7 17. g4 {[%cal Bg3g4,Bg4g5][%mdl 32]} b5 18. g5 Nd7 19. Ne4 $36 {[%mdl 2048] Black is under strong pressure.} bxc4 20. dxc4 Nc6 21. Qg4 Bf8 (21... e5 $16 22. f5 Kh8) 22. Rf1 $1 $18 {[%cal Bd1f1,Bf1f3,Bf3h3][%mdl 32]} Ne7 23. Rf3 $1 Nf5 (23... Ng6 $142 24. Rh3 Be7) 24. Rh3 Be7 25. Nf6+ ({Not} 25. Qh5 Nf8 $16) 25... Bxf6 26. gxf6 g6 27. e4 Nd4 28. e5 Nxe5 $2 (28... Nxf6 {was called for.} 29. exf6 Qxf4 30. Qxf4 Ne2+ 31. Kf1 Nxf4) 29. fxe5 Qxe5 30. Qh4 h5 {intending ...Ne2+.} 31. Kh1 (31. Re1 $142 Qf5 32. Bb7 (32. Bxd4 cxd4 33. Rg3 Rxc4 $16)) 31... Bc6 32. Re1 Qf5 33. Bxc6 ({Don't take} 33. Bxd4 $6 Bxg2+ 34. Kxg2 cxd4 $16) 33... Rxc6 34. Qg3 Nxb3 35. axb3 {Threatens to win with Qe3.} Rcd6 36. Qf3 $1 Qc2 {[#] Hoping for ...Rd1.} 37. Qc3 $1 {[%cal Rc3c2]} Qf2 {[#]} 38. Rf3 $1 {[%cal Rf3f2]} Qh4 39. Rh3 Qf2 {( -> ...Rd1)} 40. Rf3 $1 {[%cal Rf3f2]} Qh4 $1 41. Qe5 Rd1 (41... Rd3 $16 42. Rfe3 Qg4) 42. Rg3 {Black must now prevent Rxg6+!} R8d2 $2 {[#]} (42... Rxe1+ $16 43. Qxe1 Qf4) 43. Rxg6+ $1 {[%mdl 512]} fxg6 {[#]} 44. f7+ $1 {[%mdl 512]} Kxf7 45. Qxe6+ {Precision: White = 75%, Black = 37%.} 1-0

[Event "34th Voivoda Cup 2018"]
[Site "Legnica"]
[Date "2018.11.26"]
[Round "7"]
[White "Lewtak, Damian"]
[Black "Sieciechowicz, Marcin"]
[Result "0-1"]
[WhiteElo "2411"]
[BlackElo "2432"]
[Annotator "TA"]
[PlyCount "66"]
[EventDate "2018.11.22"]
[EventType "tourn"]
[EventCountry "POL"]
[SourceTitle "playchess.com"]
[Source "ChessBase"]
[SourceQuality "1"]

{[%evp 22,66,16,18,33,0,21,0,0,-27,-37,-25,-32,-32,0,-37,-29,-18,-23,-45,25,14,29,-119,-117,-120,-109,-122,-120,-161,-158,-327,-323,-327,-315,-302,-304,-365,-370,-378,-370,-380,-365,-379,-368,-748,-721]} 1. d4 d5 2. c4 c6 3. Nc3 Nf6 4. cxd5 cxd5 5. Bf4 Nc6 6. e3 Bf5 7. Qb3 Na5 8. Qa4+ Bd7 9. Qc2 Rc8 10. Bd3 e6 11. Nf3 b5 12. a3 Be7 {D14: Slav Defence: Exchange variation with ...Bf5} 13. Ne5 (13. Qe2 a6 14. Ne5 O-O 15. O-O Qb6 16. a4 b4 17. Nb1 Ra8 18. Bg5 Be8 19. Nd2 h6 20. Bh4 {1-0 (57) Howell,D (2684)-Melkumyan,H (2613) Minsk 2017}) 13... O-O {[#]} 14. g4 $146 {[%cal Bg2g4,Bg4g5][%mdl 32]} ({Predecessor:} 14. O-O Be8 15. Rfc1 a6 16. Qd1 Ne4 {½-½ (16) Kosic,D (2512)-Lekic,D (2386) Banja Vrucica 2009}) 14... Nc4 {The position is equal.} 15. g5 Nxe5 16. Bxe5 Ne4 17. h4 f5 18. gxf6 gxf6 19. Bxe4 dxe4 20. Bf4 f5 ({Black should play} 20... Kh8 $15) 21. Qe2 $11 Be8 {[%cal Bd7e8,Be8g6,Bg6f7][%mdl 32]} 22. Nxe4 (22. Rg1+ $11 Kh8 23. Nxb5) 22... fxe4 $17 23. Qg4+ Kh8 $1 {...Bf6 is the strong threat.} 24. Rg1 {[%csl Gg1][%cal Rg4g7]} Bf6 25. Bh6 {Hoping for Bg7+.} Bg6 {Strongly threatening ...Rg8.} 26. h5 $2 (26. Bxf8 $17 Qxf8 27. Qxe6) 26... Rg8 $19 {aiming for ...Bf7.} 27. Qxe6 {[#]} Bf7 $1 {[%mdl 512]} 28. Rxg8+ (28. Qxf7 Rxg1+) 28... Bxg8 29. Qxe4 {[#]} Qa5+ $1 30. b4 Qc7 {White must now prevent ...Qc3+.} 31. Qf5 Qc3+ 32. Ke2 {[%cal Rf5f6]} Bxd4 33. Rg1 $2 (33. Rd1 Qc4+ 34. Qd3) 33... Qc4+ {Accuracy: White = 39%, Black = 63%.} 0-1